000
00305nam a2200121Ia 4500
005
20251222143148.0
008
251222s9999||||xx |||||||||||||| ||spa||
020
_a
84-220-1359-2
082
_a
261.21/S33
245
0
_a
Fe y AteĆsmo en el Mundo
264
_b
Biblioteca de Autores Cristianos
942
_c
LIB
999
_c
12572
_d
12572